Statistics for Countries by Car Manufacturers Logo Quiz

Click here to take the quiz!

General Stats

  • This quiz has been taken 742 times
  • The average score is 10 of 16

Answer Stats

Answer% Correct
Germany
95%
United States
95%
Italy
89%
Germany
87%
France
83%
Italy
79%
United States
77%
United Kingdom
74%
Japan
69%
Sweden
69%
South Korea
58%
France
41%
Romania
35%
Austria
27%
Russia
25%
Netherlands
14%

Score Distribution

Percentile by Number Answered

Percent of People with Each Score

Your Score History

You have not taken this quiz